[Event "Ch Tbilisi"]
[Site "?"]
[Date "1979.12.11"]
[Round "1"]
[White "Varlam Vepkhvishvili"]
[Black "Mikheil Chipashvili"]
[Result "1-0"]
[WhiteElo "2359"]
[BlackElo "2278"]

1.e4 d6 2.d4 Nf6 3.Nc3 g6 4.Be2 Bg7 5.g4 c5 6.d5 a6 7.a4 e6 8.dxe6 fxe6 9.e5
dxe5 10.Qxd8+ Kxd8 11.Be3 Nbd7 12.O-O-O Ke7 13.f4 b6 14.Bf3 Rb8 15.g5 Nh5
16.Nge2 Bb7 17.Bxb7 Rxb7 18.Ne4 Rf8 19.Nd6 Rbb8 20.fxe5 Rf3 21.Nc4 Nxe5
22.Nxe5 Bxe5 23.Rd3 Nf4 24.Nxf4 Rxe3 25.Nd5+ exd5 26.Rxe3 Kd6 27.Rf3 Rb7 28.b3
b5 29.axb5 axb5 30.Kd2 b4 31.h4 c4 32.Rhf1 Re7 33.Re3 h6 34.gxh6 Rh7 35.bxc4
dxc4 36.Re4 Bc3+ 37.Ke3 Kd5 38.Rd1+ Kc5 39.Rg1 Rxh6 40.Rg5+ Kd6 41.Rxc4 Be1
42.Rgg4 Kd5 43.Rcd4+ Kc5 44.Ke2 Bc3 45.Rdf4 Kd5 46.Kf3 Kc5 47.Rg5+ Kd6 48.Rfg4
Rh8 49.Rxg6+ Ke7 50.Re4+ Kf7 51.Rb6 Rc8 52.h5 Bd2 53.Re2 Rxc2 54.Kf2 Rb2
55.Rb7+ Kf6 56.Kg3 Bc3 57.Rb6+ Kg5 58.Rb5+ Kf6 59.Rb6+ Kg5 60.Rb5+ Kf6 61.Rxb2
Bxb2 62.Rxb4 Bc1 63.Kg4 Kg7 64.Rc4 Bd2 65.Rc6 Kh7 66.Kf5 Be3 67.h6 Bd2 68.Ra6
Be3 69.Rf6 Bd2 70.Kg4 Bxh6 71.Kh5 Be3 72.Rf7+ Kg8 73.Kg6 Bg1 74.Rf1 Bh2 75.Rf2
Bd6 76.Rd2 Be7 77.Ra2 {#r} 1-0

[Event "EU-chT (Men)"]
[Site "Debrecen HUN"]
[Round "1"]
[White "Efstratios Grivas"]
[Black "Artashes Minasian"]
[Result "1/2-1/2"]
[WhiteElo "2465"]
[BlackElo "2530"]

1.d4 Nf6 2.c4 c5 3.d5 e6 4.Nc3 exd5 5.cxd5 d6 6.Nf3 g6 7.e4 a6 8.a4 Bg4 9.Be2
Bxf3 10.Bxf3 Nbd7 11.O-O Bg7 12.Be2 O-O 13.Re1 Re8 14.Bf1 Rc8 15.a5 c4 16.Ra4
Ne5 17.Be3 Nfd7 18.f4 Nd3 19.Bxd3 cxd3 20.Qxd3 Nc5 21.Bxc5 Rxc5 22.e5 dxe5
23.d6 Rc6 24.Rd1 exf4 25.d7 Re3 26.Re4 Bf6 27.Rxe3 fxe3 28.Qxe3 Kg7 29.Ne4
Bxb2 30.Qb3 Be5 31.Qxb7 Re6 32.Qd5 Bc7 33.Nc5 Re2 34.Qd4+ Be5 35.Qg4 Rb2
36.Qe4 Bf6 37.Nb7 Rxb7 38.Qxb7 Qxa5 39.Qd5 Qb6+ 40.Kh1 Bd8 41.Qd4+ Qxd4
42.Rxd4 f5 43.Rd6 Kf7 44.Rxa6 Ke7 45.Ra7 Kd6 46.g3 Bc7 47.d8=Q+ Bxd8 48.Rxh7
Ke6 49.Kg2 Be7 50.Kf3 Kf6 51.Rh8 Kg7 52.Ra8 Bg5 53.Ra7+ Kh6 54.Rc7 Bd8 55.Rd7
Bg5 56.Rd1 Kh5 57.h3 Kh6 58.Rd5 Bc1 59.Rd7 Bg5 60.Rd1 Kh5 61.Rd5 Kh6 62.g4
fxg4+ 63.Kxg4 Bc1 64.Kf3 Bg5 65.Rd4 Kg7 66.Ke4 Bc1 67.Kd5 Kf6 68.Kd6 Be3
69.Re4 Bc1 70.Kd7 Kf7 71.Re7+ Kf6 72.Ke8 Ba3 73.Ra7 Bc5 74.Rc7 Ba3 75.Rf7+ Kg5
76.Rf3 Bd6 77.Kf7 Kh4 78.Kxg6 Bg3 79.Kf5 Kxh3 80.Re3 Kg2 81.Kg4 Bd6 82.Re2+
Kg1 83.Kf3 Bc7 84.Rg2+ Kh1 {#d} 1/2-1/2

[Event "President's Cup"]
[Site "Elista"]
[Date "1998.05.13"]
[Round "3.1"]
[White "Konstantin Sakaev"]
[Black "Evgeny Bareev"]
[Result "1/2-1/2"]
[WhiteElo "2620"]
[BlackElo "2675"]

1. e4 e6 2. d4 d5 3. Nc3 Nf6 4. e5 Nfd7 5. Nce2 c5 6. c3 Nc6 7. f4 Qb6 8. Nf3
f6 9. a3 Be7 10. h4 O-O 11. Rh3 a5 12. b3 Qd8 13. Ng3 h6 14. Be3 f5 15. Bd3
cxd4 16. cxd4 Nb6 17. Nh5 Qe8 18. Nh2 g6 19. Nf6+ Bxf6 20. exf6 Nd7 21. h5
Nxf6 22. hxg6 Qxg6 23. g4 Nxg4 24. Nxg4 Qxg4 25. Qxg4+ fxg4 26. Rxh6 Ne7 27.
Kd2 Rf7 28. Bf2 Rg7 29. Rah1 g3 30. Rh8+ Kf7 31. Be1 g2 32. Rg1 b6 33. Bh4 Bb7
34. Rxa8 Bxa8 35. Bg5 Nf5 36. Bxf5 exf5 37. Rxg2 Ke6 38. Rh2 Kd7 39. Rh6 Bc6
40. Rf6 Rh7 41. Rxf5 Rh2+ 42. Ke1 a4 43. bxa4 Bxa4 44. Rxd5+ Kc6 45. Re5 Bb3
46. f5 Rh5 47. f6 Rh7 48. Kf2 Rd7 49. Re3 Bf7 50. Rc3+ Kd5 51. Ke3 Ra7 52. Bf4
Ke6 53. Be5 Kf5 54. Kd2 Ra4 55. Rf3+ Ke6 56. Rb3 Kf5 57. Rf3+ Ke6 58. Rc3 Kf5
59. Rh3 b5 60. Rh7 Ke6 61. Rh3 Kf5 62. Rf3+ Ke4 63. Rg3 Kf5 64. Kc2 b4 65.
axb4 Rxb4 66. Rg7 Rb7 67. Kd3 Rb3+ 68. Kd2 Rb2+ 69. Ke3 Rb3+ 70. Kf2 Ke6 71.
Rh7 Ra3 72. Rh8 Kf5 73. Rd8 Ra7 74. Kg3 Be6 75. Re8 Bf7 76. Rb8 Rd7 77. Rb1
Rd8 78. Rb7 Rf8 79. Kf2 Kg6 80. Ke3 Rh8 81. Rb1 Rh3+ 82. Kf4 Rh4+ 83. Kg3 Re4
84. Rg1 Kf5 85. Rh1 Re3+ 86. Kf2 Rxe5 87. dxe5 Kxe5 88. Ke3 Kxf6 89. Kf4 Kg7
90. Kg5 Bg8 91. Rb1 Bd5 92. Rb5 Bc4 93. Rb7+ Kh8 94. Kf6 Kg8 95. Rd7 Bb3 96.
Rd2 Bc4 97. Rf2 Bd5 98. Rc2 Be4 99. Rc5 Bd3 100. Ra5 Bc2 101. Ra8+ Kh7 102.
Rh8+ {#d} 1/2-1/2

[Event "KB Czech Open"]
[Site "Pardubice CZE"]
[Date "2000.07.21"]
[Round "1"]
[White "Petr Haba"]
[Black "Flovin Tor Naes"]
[Result "1/2-1/2"]
[WhiteElo "2497"]
[BlackElo "2271"]

1. e4 e5 2. Nf3 Nc6 3. Bb5 a6 4. Ba4 Nf6 5. O-O Nxe4 6. d4 b5 7. Bb3 d5 8.
dxe5 Be6 9. Nbd2 Bc5 10. c3 O-O 11. Bc2 Nxf2 12. Rxf2 f6 13. exf6 Bxf2+ 14.
Kxf2 Qxf6 15. Nf1 Ne5 16. Be3 Rae8 17. Bc5 Nxf3 18. gxf3 Rf7 19. Kg2 d4 20.
Bxd4 Qg5+ 21. Ng3 c5 22. Bf2 Rxf3 23. Be4 Bh3+ 24. Kxh3 Rxf2 25. Qd5+ Qxd5 26.
Bxd5+ Kf8 27. b3 Re3 28. a4 bxa4 29. Rxa4 h5 30. Re4 Rxc3 31. Re5 g6 32. Be4
Rxb3 33. Bxg6 h4 34. Rxc5 hxg3 35. hxg3 Rff3 36. Rg5 a5 37. Bh5 Rfe3 38. Rxa5
Rxg3+ 39. Kh4 Rg1 40. Ra8+ Kg7 41. Ra7+ Kf6 42. Ra6+ Ke7 43. Ra7+ Kd6 44. Ra6+
Kc7 45. Bg4 Rb4 46. Rg6 Kd8 47. Kh5 Ke7 48. Bf5 Rf1 49. Kg5 Rg1+ 50. Kh6 Re1
51. Kg7 Rf4 52. Rf6 Rg1+ 53. Rg6 Rxg6+ 54. Bxg6 Rg4 55. Kh7 Kf6 56. Bc2 Rg7+
57. Kh8 Kf7 58. Bb3+ Kf8 59. Bc2 Rg2 60. Bd3 Rh2+ {#d} 1/2-1/2

[Event "WCC2000"]
[Site "Shenyang"]
[Date "2000.09.01"]
[Round "1"]
[White "Mikhail Gurevich"]
[Black "Ye Jiangchuan"]
[Result "1/2-1/2"]
[WhiteElo "2667"]
[BlackElo "2670"]

1. c4 Nf6 2. Nc3 g6 3. g3 d5 4. cxd5 Nxd5 5. Bg2 Nb6 6. d3 Bg7 7. Be3 Nc6 8.
Nf3 O-O 9. Qc1 e5 10. Bh6 Re8 11. Bxg7 Kxg7 12. O-O Nd4 13. Re1 a5 14. Nxd4
exd4 15. Ne4 f6 16. Qc2 c6 17. Rab1 Nd5 18. a3 Re7 19. Qc5 Nc7 20. b4 a4 21.
e3 dxe3 22. Rxe3 Re5 23. Qc1 Nb5 24. Qb2 Qd4 25. Qxd4 Nxd4 26. Nd6 Nc2 27.
Rxe5 fxe5 28. Nc4 Be6 29. Rb2 Bxc4 30. Rxc2 Bxd3 31. Rd2 Bf5 32. Kf1 Rc8 33.
Ke1 b5 34. Rd6 c5 35. bxc5 Rxc5 36. Rb6 Rc3 37. Rxb5 Rxa3 38. Rb7+ Kh6 39. Bd5
Rd3 40. Bg8 Rd7 41. Rb5 Bg4 42. f3 Bxf3 43. Rxe5 Kg7 44. Bc4 Rd4 45. Rc5 Bg4
46. Kf2 Re4 47. Bd3 Re7 48. Ra5 Bd1 49. Bb5 Re4 50. Ra7+ Kf6 51. Bd3 Re7 52.
Ra5 Re5 53. Ra7 Bb3 54. h4 h6 55. Ra6+ Re6 56. Ra5 Bd1 57. Bb5 Re4 58. Bd3 Re5
59. Ra6+ Re6 60. Ra5 h5 61. Bb5 Kg7 62. Bxa4 Re2+ 63. Kg1 Ra2 64. Bxd1 Rxa5
65. Bf3 Ra2 66. Kf1 Rb2 67. Kg1 Kh6 68. Kf1 Kg7 69. Kg1 Kf6 70. Kf1 Ke5 71.
Kg1 Kd4 72. Bc6 Rd2 73. Bb7 Ke3 74. Bc6 Rd6 75. Bb7 Rb6 76. Ba8 Rb1+ 77. Kg2
Rb2+ 78. Kg1 Rb6 79. Kg2 Rb2+ 80. Kg1 Rb8 81. Bc6 Rc8 82. Bb7 Rc7 83. Ba8 g5
84. hxg5 Rg7 85. Kg2 Rxg5 86. Kh3 Rg4 87. Bc6 Kf2 88. Be8 Rxg3+ 89. Kh4 Kf3
90. Kxh5 Kf4 91. Kh6 Kf5 92. Kh7 Kf6 93. Bc6 Rg5 94. Be4 {#d} 1/2-1/2

[Event "34th Olympiad"]
[Site "Istanbul TUR"]
[Date "2000.10.29"]
[Round "2"]
[White "Reynaldo Vera"]
[Black "Alexander Baburin"]
[Result "1/2-1/2"]
[WhiteElo "2584"]
[BlackElo "2590"]

1. d4 d5 2. c4 dxc4 3. e3 e6 4. Bxc4 c5 5. Nf3 a6 6. O-O Nf6 7. Bb3 cxd4 8.
exd4 Nc6 9. Nc3 Be7 10. Re1 O-O 11. a3 Qd6 12. Ne4 Nxe4 13. Rxe4 Bf6 14. Bf4
Qd8 15. Rc1 Bd7 16. Re2 Rc8 17. d5 exd5 18. Bxd5 Bg4 19. Rd2 Qa5 20. h3 Bh5
21. b4 Qxa3 22. Rd3 Qxb4 23. Bd6 Qb6 24. Rb3 Qa7 25. Bxf8 Rxf8 26. Bxc6 bxc6
27. Rxc6 a5 28. Rb5 Bxf3 29. Qxf3 Qe7 30. Ra6 Qe1+ 31. Kh2 Bd4 32. Ra8 g6 33.
Rb7 Qe6 34. Rxa5 h5 35. h4 Rc8 36. Qf4 Rc4 37. g3 Kg7 38. Rab5 Bf6 39. Qf3 Bd4
40. Rb4 Rxb4 41. Rxb4 Bf6 42. Kg2 Be5 43. Qe4 Qf6 44. Rc4 Ba1 45. Qd5 Qe7 46.
Rc8 Bf6 47. Rb8 Qe5 48. Qxe5 Bxe5 49. Rb4 Bd6 50. Rb5 Be7 51. Kf3 Bf6 52. Ke4
Bc3 53. Kd5 Be1 54. Rb2 Bc3 55. Rc2 Ba1 56. Rc4 f5 57. Ke6 Bb2 58. Rc7+ Kg8
59. Rc8+ Kg7 60. Rc7+ Kg8 61. Rd7 Bc3 62. Rd3 Bb2 63. f3 Kf8 64. Rd8+ Kg7 65.
Rd7+ Kg8 66. Rb7 Bd4 67. Rb4 Bc3 68. Rc4 Bb2 69. Rc8+ Kg7 70. Rc7+ Kg8 71. Kd5
Kf8 72. Rb7 Bc3 73. Rb3 Ba1 74. Rb1 Bc3 75. Rc1 Bb2 76. Rc2 Ba1 77. Ke6 Kg7
78. Rc7+ Kg8 79. Rf7 Bd4 80. g4 hxg4 81. fxg4 fxg4 82. Rf4 Bc3 83. Rxg4 Kh7
84. Kf7 Kh6 85. Rg5 Be1 86. Rxg6+ Kh5 87. Kf6 Kxh4 88. Kf5 Bd2 89. Rg2 Be3 90.
Rb2 Kg3 {#d} 1/2-1/2

[Event "Chigorin Memorial"]
[Site "St Petersburg RUS"]
[Date "2000.11.04"]
[Round "4"]
[White "Feliks Khatenever"]
[Black "Nikolai Pushkov"]
[Result "0-1"]
[WhiteElo "2125"]
[BlackElo "2546"]

1. d4 Nf6 2. g3 e6 3. Nf3 b6 4. Bg2 Be7 5. O-O O-O 6. b3 d5 7. c4 c6 8. Qc2
Nbd7 9. Nbd2 Bb7 10. Bb2 Rc8 11. Rac1 c5 12. Qb1 Ne4 13. cxd5 exd5 14. e3 f5
15. Rfd1 Qe8 16. Ne5 Ndf6 17. f3 Nd6 18. Qd3 Rc7 19. Qe2 Qc8 20. Bf1 Qe6 21.
Rc2 Rfc8 22. Rdc1 Nf7 23. f4 Nxe5 24. dxe5 Nd7 25. Bh3 Rf8 26. Bg2 Nb8 27. Qf2
Nc6 28. a3 Rd7 29. Nf3 Rfd8 30. h4 h5 31. Kh2 g6 32. Nd2 a5 33. Bh3 Ba6 34.
Bf1 Bxf1 35. Qxf1 Kf7 36. Nf3 Rb7 37. Qb5 Na7 38. Qa6 Rc7 39. Nd4 Qc8 40. e6+
Kf8 41. Qd3 Nc6 42. Nxf5 Qxe6 43. Ng7 Qf7 44. f5 Rd6 45. Ne6+ Rxe6 46. fxe6
Qxe6 47. Rf2+ Ke8 48. Rcf1 Nd8 49. Rf6 Bxf6 50. Rxf6 Qe4 51. Qxe4+ dxe4 52.
Rxg6 Rd7 53. Be5 b5 54. g4 hxg4 55. Rxg4 Nf7 56. Bf4 Rd3 57. Rg8+ Kd7 58. Ra8
Rxb3 59. Rxa5 c4 60. Ra7+ Ke6 61. h5 c3 62. h6 Nxh6 63. Bxh6 Kd5 64. Bg7 Kc4
65. Kg3 c2 66. Kf4 Kd3 67. Rd7+ Ke2 68. Rc7 Kd1 69. Bf8 c1=Q 70. Rxc1+ Kxc1
71. Kxe4 Kd2 72. Kd4 Rd3+ 73. Kc5 Kxe3 74. Kxb5 Kd4 75. Bb4 Kd5 76. Kb6 Kc4
77. Kc6 Rd5 78. Be7 Ra5 79. Kb6 Re5 80. Bd6 Re6 81. Kc7 Kd5 82. Bb4 Rh6 83.
Kb7 Rc6 84. Be7 Rg6 85. Bb4 Rg7+ 86. Kb6 Rf7 87. Bd2 Rf6+ 88. Kb5 Rf8 89. Kb4
Rc8 90. Bg5 Rc7 91. Bf6 Rc6 92. Bg7 Rb6+ 93. Kc3 Rb8 94. Bf6 Rb7 95. Bg5 Rf7
96. Bd8 Kc5 97. Bg5 Rf3+ 98. Kd2 Kd4 99. Be7 Rf2+ 100. Ke1 Rf7 101. Bg5 Kd3
102. Bd8 Rf4 103. a4 Rxa4 104. Kf2 Rf4+ 105. Kg3 Ke4 106. Bc7 Rf3+ 107. Kg2
Ke3 108. Bb6+ Ke2 109. Bc7 Rc3 110. Be5 Rc5 111. Bf4 Rc3 112. Be5 Rf3 113. Bg3
Rf5 114. Bh4 Rf3 115. Bg5 Rf5 116. Bh4 Ke3 117. Kg3 Rf7 118. Kg4 Ke4 119. Kg5
Rh7 120. Be1 Rh3 121. Bb4 Ke5 122. Kg6 Rb3 123. Bf8 Ke6 124. Kg5 Rf3 125. Bb4
Ke5 126. Be7 Rg3+ 127. Kh4 Rg6 128. Bd8 Kf4 129. Kh5 Kf5 130. Ba5 Ra6 131. Bc3
Ra3 {#R} 0-1

[Event "65th ch-BUL"]
[Site "Tsarevo BUL"]
[Date "2001.05.17"]
[Round "7"]
[White "Veselin Georgiev"]
[Black "Spas Kozhuharov"]
[Result "0-1"]
[WhiteElo "2258"]
[BlackElo "2322"]

1. e4 c5 2. Nf3 d6 3. d4 cxd4 4. Nxd4 Nf6 5. Nc3 g6 6. Be3 Bg7 7. f3 O-O 8.
Qd2 Nc6 9. O-O-O d5 10. Qe1 e5 11. Nxc6 bxc6 12. Bc5 Re8 13. exd5 cxd5 14. g4
Qc7 15. Ba3 d4 16. Nb5 Qc6 17. Nd6 Bxg4 18. fxg4 Qxh1 19. g5 Nh5 20. Nxe8 Rxe8
21. Rxd4 e4 22. Rd1 Qxh2 23. Bb5 Qf4+ 24. Kb1 Rc8 25. Ba6 Rb8 26. Qa5 h6 27.
gxh6 Bxh6 28. Rf1 Qg3 29. Bc4 Bg7 30. Qxa7 Kh8 31. Bxf7 e3 32. Bc4 Qe5 33. Bb3
e2 34. Re1 Rd8 35. Qg1 Qg3 36. c3 Qxg1 37. Rxg1 Ng3 38. Re1 Bh6 39. Be7 Rd3
40. Bb4 Bd2 41. Rxe2 Nxe2 42. Bc4 Re3 43. Kc2 Bxc3 44. Bxe2 Bxb2 45. Bd3 Be5
46. Bxg6 Re2+ 47. Kb3 Rb2+ 48. Kc4 Rxa2 49. Be1 Kg7 50. Bd3 Ra1 51. Bb4 Kf6
52. Kb3 Rc1 53. Bc2 Bd4 54. Bc3 Ke5 55. Bxd4+ Kxd4 56. Kb2 Rg1 57. Bb1 Rg3 58.
Ka1 Kc3 59. Ba2 Rg1+ 60. Bb1 Rf1 61. Ka2 Rf2+ 62. Ka1 Kb3 {#R} 0-1

[Event "XXXVI Capablanca Mem Premier II"]
[Site "Havana CUB"]
[Date "2001.05.16"]
[Round "10"]
[White "Francisco De la Paz Perdomo"]
[Black "Diasmany Otero Acosta"]
[Result "1/2-1/2"]
[WhiteElo "2437"]
[BlackElo "2416"]

1. e4 e5 2. Nf3 Nc6 3. d4 exd4 4. Nxd4 Nf6 5. Nxc6 bxc6 6. e5 Qe7 7. Qe2 Nd5
8. c4 Ba6 9. b3 g6 10. f4 Qb4+ 11. Bd2 Qb6 12. Qe4 f5 13. Qf3 Nb4 14. Kd1 Bb7
15. Nc3 c5 16. Nd5 Qc6 17. Bxb4 cxb4 18. Nf6+ Kf7 19. Nd5 Qc5 20. Kc2 Bg7 21.
Rd1 Rhe8 22. g4 a5 23. gxf5 a4 24. Bh3 axb3+ 25. axb3 Ra2+ 26. Kd3 d6 27. f6
Bxf6 28. Bd7 Re7 29. exf6 Rxd7 30. Qh3 Bxd5 31. Qxd7+ Kxf6 32. Qd8+ Kg7 33.
Qe7+ Bf7 34. Qe4 Qh5 35. h4 c5 36. Rd2 Ra7 37. Rg2 d5 38. Qe5+ Qxe5 39. fxe5
Rd7 40. Ke3 dxc4 41. bxc4 Bxc4 42. Rc2 Rd3+ 43. Ke4 Rd4+ 44. Ke3 b3 45. Rd2
Rxd2 46. Kxd2 Bd5 47. Ra1 Kf7 48. Ra6 h6 49. Rf6+ Kg7 50. Rd6 Be4 51. Kc3 g5
52. hxg5 hxg5 53. Kxb3 g4 54. Kc4 g3 55. Kxc5 Kf7 56. Rd7+ Ke6 57. Rg7 Kxe5
58. Rxg3 Bf5 59. Re3+ Kf6 60. Kd6 Bg6 61. Rf3+ Kg7 62. Ke7 Bh7 63. Rg3+ Kh8
64. Kf6 Bg8 65. Kg6 Bh7+ 66. Kh6 Bg8 67. Rg7 Bd5 68. Rh7+ Kg8 69. Re7 Bc4 70.
Rd7 Be6 71. Re7 Bb3 72. Rc7 Bd5 73. Rc5 Be6 74. Rb5 Bc4 75. Rb4 Bd5 76. Kg6
Bf7+ 77. Kh6 Bd5 78. Rd4 Bb3 79. Rd3 Ba2 80. Rc3 Bd5 81. Rc7 Kh8 82. Rc8+ Bg8
{#d} 1/2-1/2

[Event "Geller Mem"]
[Site "Odessa UKR"]
[Date "2001.07.13"]
[Round "11"]
[White "Igor Trimbashevskij"]
[Black "Volodymyr Eryomenko"]
[Result "0-1"]
[WhiteElo "2421"]
[BlackElo "2151"]

1. c4 f5 2. Nc3 Nf6 3. g3 g6 4. Bg2 Bg7 5. d3 O-O 6. e3 d6 7. Nge2 Nc6 8. O-O
e5 9. Rb1 g5 10. f4 h6 11. Nd5 Ne7 12. b4 c6 13. Nxe7+ Qxe7 14. b5 c5 15. d4
exd4 16. fxg5 hxg5 17. exd4 Re8 18. Nc3 Ne4 19. Nxe4 fxe4 20. dxc5 dxc5 21.
Qd5+ Be6 22. Qxe4 Bd4+ 23. Kh1 Bxc4 24. Qg4 Bxf1 25. Bd5+ Kh8 26. Bxg5 Be2 27.
Qh4+ Qh7 28. Bf6+ Bxf6 29. Qxf6+ Qg7 30. Qh4+ Bh5 31. Qxh5+ Qh7 32. Qxh7+ Kxh7
33. Bxb7 Rad8 34. Kg2 Rd2+ 35. Kf3 Rxh2 36. Rc1 Rh5 37. g4 Rf8+ 38. Ke4 Rg5
39. Ke3 Kg7 40. a4 Re5+ 41. Be4 Rfe8 42. Rc4 Kf6 43. Kf4 Rd8 44. Bf5 Red5 45.
g5+ Ke7 46. Be4 Rf8+ 47. Kg4 Rd7 48. Bg2 Rd4+ 49. Rxd4 cxd4 50. Be4 Rc8 51.
Kf4 Rc4 52. Bd3 Rxa4 53. Ke5 Kf7 54. Kd5 Ke7 55. Bc4 Kf7 56. Kxd4+ Kg6 57. Kc5
Kxg5 58. b6 axb6+ 59. Kb5 Ra1 60. Kxb6 Kf4 61. Kc5 Ke5 62. Bb5 Rc1+ 63. Bc4
Rc2 64. Kb4 Kd4 65. Bb3 Rb2 66. Ka3 Kc3 {#R} 0-1

[Event "1st Asean Open"]
[Site "Bandar Seri Begawan BRU"]
[Date "2001.07.30"]
[Round "2"]
[White "Riley Yates-Doerr"]
[Black "Ian Rogers"]
[Result "0-1"]
[WhiteElo "2231"]
[BlackElo "2538"]

1. d4 Nf6 2. Nf3 g6 3. c4 Bg7 4. Nc3 d5 5. Bg5 Ne4 6. Bf4 Nxc3 7. bxc3 dxc4 8.
e3 b5 9. a4 c6 10. axb5 cxb5 11. Qb1 Qd5 12. Bxb8 Rxb8 13. Rxa7 O-O 14. Be2
Bf5 15. Qa2 Ra8 16. O-O Rxa7 17. Qxa7 Ra8 18. Qxe7 Ra2 19. Re1 Bf8 20. Qe8 Ra8
21. Qe5 Qxe5 22. dxe5 b4 23. cxb4 Bxb4 24. Bxc4 Bxe1 25. Nxe1 g5 26. h3 Ra1
27. Kf1 Rc1 28. Ba6 h6 29. Ke2 Ra1 30. Bc4 Ra5 31. Nf3 g4 32. Nd4 gxh3 33.
gxh3 Rxe5 34. Nxf5 Rxf5 35. Ba6 Kg7 36. f4 Ra5 37. Bc8 Kg6 38. Kf3 Ra3 39. Bb7
Kh5 40. Bd5 Kg6 41. Bb7 f5 42. Kf2 Ra2+ 43. Kg3 Ra3 44. Kf2 Kf6 45. Bc8 h5 46.
h4 Ra7 47. Kf3 Rg7 48. e4 fxe4+ 49. Kxe4 Rg3 50. Bd7 Rg1 51. Kf3 Re1 52. Bh3
Rd1 53. Bc8 Rd3+ 54. Kg2 Rd8 55. Bh3 Ke7 56. Bf5 Rf8 57. Bg6 Rxf4 58. Bxh5
Rxh4 59. Bf3 Kf6 60. Kg3 Kg5 61. Bg2 Rc4 {#R} 0-1

[Event "TCh-ESP Div 2"]
[Site "Vila Real ESP"]
[Date "2001.08.13"]
[Round "1"]
[White "Ian Rogers"]
[Black "Emilio Moreno Tejera"]
[Result "1/2-1/2"]
[WhiteElo "2538"]
[BlackElo "2290"]

1. e4 c5 2. Nf3 d6 3. d4 cxd4 4. Qxd4 Nf6 5. Nc3 e5 6. Bb5+ Nbd7 7. Qd3 h6 8.
Nd2 a6 9. Bxd7+ Bxd7 10. Nc4 Be6 11. Ne3 Be7 12. Bd2 Rc8 13. O-O-O Qa5 14. a3
Qc5 15. f3 b5 16. Kb1 O-O 17. g4 Rfd8 18. Ncd5 Nxd5 19. exd5 Bd7 20. h4 Re8
21. g5 hxg5 22. hxg5 g6 23. Ng4 Kg7 24. Nh6 Qc4 25. f4 Qxd3 26. cxd3 f5 27.
Rh2 Bf8 28. Rdh1 exf4 29. Bxf4 Rc5 30. Bd2 Bc8 31. b4 Rxd5 32. Bc3+ Rde5 33.
Re1 R8e6 34. Rc2 Bd7 35. Bxe5+ dxe5 36. Rc7 Re7 37. d4 Be8 38. Rxe7+ Bxe7 39.
Rxe5 Kf8 40. Nxf5 gxf5 41. Rxf5+ Kg7 42. Re5 Bg6+ 43. Kb2 Kf7 44. d5 Bd6 45.
Re6 Be7 46. Kc3 Bxg5 47. Kd4 Bf5 48. Rxa6 Bd7 49. Ra7 Ke7 50. Ra6 Bf4 51. a4
Bd6 52. axb5 Bxb5 53. Ra5 Bd7 54. Kc4 Kd8 55. Ra7 Kc8 56. b5 Bg4 57. b6 Be2+
58. Kd4 Bb5 59. Rh7 Ba6 60. Rh6 Kd7 61. Rh8 Bb7 62. Rh7+ Kc8 63. Rf7 Ba6 64.
Ra7 Bb7 65. Kc4 Bb8 66. Ra2 Kd7 67. Rg2 Ba6+ 68. Kb4 Bd6+ 69. Ka5 Bb7 70. Rg7+
Be7 71. Kb5 Bxd5 72. Ka6 Bc6 73. b7 Bxb7+ 74. Kxb7 Ke6 75. Kc6 Bf6 76. Rg1 Ke5
77. Kc5 Be7+ 78. Kc4 Kf4 79. Rf1+ Kg3 80. Kd3 Kg2 81. Ke2 Bd6 82. Rf6 Be5 83.
Rf5 Bc7 84. Rg5+ Kh1 85. Kf2 Bb6+ 86. Kg3 Bc7+ 87. Kh3 Bb6 88. Rh5 Bc7 89. Rh6
Be5 90. Re6 Bd4 91. Kg3 Ba7 92. Ra6 Bb8+ 93. Kf2 Be5 94. Ra4 Bd6 95. Ra5 Bc7
96. Rb5 Bd6 97. Ra5 Bc7 98. Ra6 Be5 99. Ra4 Bd6 100. Ra1+ Kh2 101. Ra5 Kh1
{#d} 1/2-1/2

[Event "ADCF Masters"]
[Site "Abu Dhabi UAE"]
[Date "2001.09.03"]
[Round "9"]
[White "Sarhan Guliev"]
[Black "Mikhail Ulibin"]
[Result "1/2-1/2"]
[WhiteElo "2510"]
[BlackElo "2583"]

1. d4 d5 2. c4 c6 3. Nf3 Nf6 4. Nc3 dxc4 5. a4 Bg4 6. Ne5 Bh5 7. f3 Nfd7 8.
Nxc4 Qc7 9. g3 f6 10. a5 Bf7 11. e4 e5 12. dxe5 fxe5 13. Be3 Bb4 14. Ra4 Be7
15. b4 Na6 16. Qb1 O-O 17. Be2 b5 18. axb6 axb6 19. b5 cxb5 20. Nxb5 Qc6 21.
O-O Nc7 22. Rxa8 Rxa8 23. Nxc7 Qxc7 24. Qb5 Ra2 25. Nxb6 Rxe2 26. Rc1 Qxc1+
27. Bxc1 Bc5+ 28. Kf1 Rc2 29. Nxd7 Bc4+ 30. Qxc4+ Rxc4 31. Bb2 Ba7 32. Bxe5
Rc2 33. Bb8 Bd4 34. Be5 Ba7 35. Bb8 Bd4 36. Be5 Be3 37. h4 Rf2+ 38. Ke1 Rxf3
39. Ke2 Rf7 40. Kxe3 Rxd7 41. h5 Kf7 42. g4 g6 43. hxg6+ Kxg6 44. Bf4 Rd1 45.
Ke2 Rg1 46. Kf3 Rf1+ 47. Kg3 Kf6 48. Bd6 Ke6 49. Bb8 Kd7 50. Kh4 Rb1 51. Bg3
Rb4 52. e5 Rb6 53. Kg5 Ke6 54. Bf4 Rb3 55. Kh6 Rh3+ 56. Kg7 Rh4 57. Bh6 Rxg4+
58. Kxh7 Kxe5 59. Bg7+ Ke6 60. Bc3 Rg3 61. Bb2 Rg2 62. Bc3 Rc2 63. Bd4 Rd2 64.
Bc3 Rd3 65. Bb2 Rg3 66. Bd4 Kf5 67. Bb2 Rb3 68. Bd4 Rb7+ 69. Kh6 Rd7 70. Bc3
Rd3 71. Bb2 Rd6+ 72. Kg7 Rg6+ 73. Kf7 Rb6 74. Bc3 Rb7+ 75. Ke8 Rb3 76. Bd4 Ke6
77. Kf8 Rb7 78. Bc3 Rf7+ 79. Kg8 {#d} 1/2-1/2

[Event "6th ECCW"]
[Site "Belgrade YUG"]
[Date "2001.09.20"]
[Round "5"]
[White "Nino Khurtsidze"]
[Black "Inna Gaponenko"]
[Result "1/2-1/2"]
[WhiteElo "2446"]
[BlackElo "2404"]

1. d4 Nf6 2. c4 g6 3. Nf3 Bg7 4. g3 O-O 5. Bg2 d6 6. O-O c6 7. Nc3 Qa5 8. h3
e5 9. e4 exd4 10. Nxd4 Qc5 11. Nde2 Qxc4 12. Qxd6 Na6 13. b3 Qb4 14. Qxb4 Nxb4
15. a3 Na6 16. Be3 Nd7 17. f4 Re8 18. Bd4 Bf8 19. b4 Nc7 20. Rfb1 Ne6 21. Bf2
a5 22. b5 Ndc5 23. bxc6 bxc6 24. e5 Bd7 25. Ne4 Nxe4 26. Bxe4 Nc5 27. Bf3 Rab8
28. Nd4 Bxh3 29. Nxc6 Rxb1+ 30. Rxb1 Nd3 31. a4 Nxf2 32. Kxf2 Bc5+ 33. Ke2 Bd7
34. Rb7 Bxc6 35. Bxc6 Re7 36. Bd7 h5 37. Kf3 Kg7 38. Ke4 Bf2 39. Kd5 Bxg3 40.
Kd6 Rxd7+ 41. Rxd7 Bxf4 42. Kd5 Kf8 43. e6 fxe6+ 44. Kxe6 g5 45. Kf5 h4 46.
Kg4 Ke8 47. Rd5 Ke7 48. Rxa5 Kd6 49. Rb5 Kc6 50. Rb3 Bd2 51. Rb2 Be3 52. a5
Bg1 53. Rb1 Be3 54. Rb3 Bc5 55. a6 Bb6 56. Kxg5 h3 57. Rxh3 Kb5 58. Ra3 Ba7
59. Kf5 Kb6 60. Ke6 Bb8 61. a7 Bxa7 62. Rb3+ Kc7 63. Kd5 Bg1 64. Rb5 Bf2 65.
Kc4 Bb6 66. Rb4 Kc6 67. Kb3 Kb7 68. Ka4 Ka6 69. Rg4 Kb7 70. Kb5 Ba7 71. Rg8
Bb8 72. Rg7+ Ka8 73. Ka6 Bf4 74. Ra7+ Kb8 75. Rf7 Bh2 76. Rf8+ Kc7 77. Ka7
Bg1+ 78. Ka8 Bh2 79. Rf7+ Kc6 80. Rf6+ Kc7 81. Rf2 Be5 82. Rc2+ Kb6 83. Re2
Bf4 {#d} 1/2-1/2

[Event "Essent Open"]
[Site "Hoogeveen NED"]
[Date "2001.10.18"]
[Round "7"]
[White "Michael Mulyar"]
[Black "Jelmer Jens"]
[Result "1/2-1/2"]
[WhiteElo "2428"]
[BlackElo "2318"]

1. c4 Nf6 2. Nc3 d5 3. cxd5 Nxd5 4. g3 g6 5. Bg2 Nxc3 6. bxc3 Bg7 7. Rb1 Nc6
8. d4 O-O 9. e3 Qd7 10. Ne2 b6 11. c4 Bb7 12. O-O Rad8 13. Bd2 Ba6 14. Qc2 Ne5
15. Rb4 Qf5 16. Be4 Bb7 17. d5 Qh5 18. Nf4 Nf3+ 19. Kg2 Qxh2+ 20. Kxf3 f5 21.
Ke2 fxe4 22. Qxe4 Qh6 23. Ne6 Qh5+ 24. g4 Qh4 25. Nxd8 Rxd8 26. Rh1 Qf6 27.
Rb3 e6 28. Bc3 Qf8 29. dxe6 Qxf2+ 30. Kxf2 Bxe4 31. Rf1 Re8 32. Bxg7 Kxg7 33.
Rd1 Bc6 34. Ra3 a5 35. Rd4 Rxe6 36. c5 g5 37. cxb6 cxb6 38. Rad3 Rf6+ 39. Kg1
Bf3 40. Rd6 Bxg4 41. Rxf6 Kxf6 42. Rd6+ Ke5 43. Rxb6 Be2 44. Rc6 a4 45. Rc5+
Kf6 46. Kf2 Bg4 47. e4 Bd7 48. Ra5 h5 49. Ra6+ Ke5 50. Ke3 h4 51. Ra7 Ke6 52.
Ra5 Kf6 53. Kf3 g4+ 54. Kf4 Ke7 55. Rh5 h3 56. Rh7+ Ke8 57. a3 Kd8 58. Kg3 Ke8
59. e5 Kd8 60. Rh6 Ke7 61. Ra6 Kf7 62. e6+ Bxe6 63. Rxa4 Ke7 64. Rd4 Bd7 65.
a4 Kd8 66. Rc4 Be6 67. Rc1 Bd7 68. a5 Bc8 69. Rc6 Kd7 70. Rg6 Kc7 71. a6 Bf5
72. a7 Kb7 73. Rg7+ Ka8 74. Re7 Bd3 75. Re3 Ba6 76. Kxg4 h2 77. Re8+ Kxa7 78.
Rh8 Kb6 79. Rxh2 Kc5 80. Kf4 Kb4 81. Ke4 Kb3 82. Kd4 Bc8 83. Rh8 Bg4 84. Rb8+
Ka2 85. Kc3 Ka1 86. Rb6 Bf5 87. Rf6 Be4 88. Rf4 Bg6 89. Kb3 Bd3 90. Rd4 Bf5
91. Ra4+ Kb1 92. Rf4 Be6+ 93. Kc3 Bd5 94. Rf1+ Ka2 95. Re1 Bf7 96. Rg1 Be6 97.
Rf1 Bd5 98. Rf5 Be6 99. Rb5 Bf7 100. Rb6 Bd5 101. Rb2+ Ka1 102. Rd2 Be6 103.
Kc2 Bf5+ 104. Kb3 Be6+ 105. Ka3 Bf5 106. Kb3 Be6+ 107. Ka3 Bf5 108. Ra2+ Kb1
109. Re2 Bg6 110. Kb3 Bf7+ 111. Kc3 Bg6 112. Rg2 Bf5 113. Re2 Bg6 114. Rf2 Be4
115. Rb2+ Ka1 116. Re2 Bf5 117. Kb3 Bb1 118. Re5 Bg6 {#d} 1/2-1/2